Terza Declinazione latina - Primo gruppo - Statistics

Statistiche generali
  • Questo quiz è stato fatto 41 volte
  • Il punteggio medio è 10 su 12
Statistiche sulle risposte
Caso Singolare % Corretto
Nominativo Sermo
100%
Dativo Sermoni
100%
Genitivo Sermōnis
100%
Vocativo Sermo
94%
Accusativo Sermonem
85%
Ablativo Sermone
82%
Nominativo Sermōnes
74%
Dativo Sermonĭbus
71%
Genitivo Sermonum
65%
Accusativo Sermones
62%
Vocativo Sermones
62%
Ablativo Sermonĭbus
56%
Nessun quiz corrispondente trovato
Distribuzione punteggi
Percentuale di utenti per punteggio
Percentile per numero di risposta
I tuoi punteggi nel tempo
Non hai fatto questo quiz